000 00698nam a2200205Ia 4500
003 OSt
005 20251008144948.0
008 220923b |||||||| |||| 00| 0 eng d
037 _cReference
040 _aRTL
_cRTL
_beng
041 _2eng
_aeng
084 _aV1TH:19.N8, M2/SC
_qRTL
100 _aBabyopadhyaya, Jayantanuja
_9847734
245 0 _aNorth over south : a non-western perspective of internatiomal relations
260 _a New Delhi
_bSouth Asian pub.
_c1982
300 _avii,290 p.
_ccm.
_bIncludes bibliographical references and index.
500 _aBibliography :P.270-281
942 _hV1TH:19.N8, M2/SC
_cREF
_2CC
_n0
999 _c613771
_d613771